| Record ID | ia:marlysghost0000levi |
| Source | Internet Archive |
| Download MARC XML | https://archive.org/download/marlysghost0000levi/marlysghost0000levi_marc.xml |
| Download MARC binary | https://www.archive.org/download/marlysghost0000levi/marlysghost0000levi_meta.mrc |
LEADER: 01197cam 2200385Mi 4500
001 ocn913788625
003 OCoLC
005 20200914001012.0
008 140910t20152006enk j 000 f eng d
040 $aNLE$beng$erda$cNLE$dOCLCF$dOCLCQ$dUKMGB
015 $aGBB4C6717$2bnb
016 7 $a016939825$2Uk
020 $a9781405276474$q(pbk.)
020 $a1405276479$q(pbk.)
020 $z9781780316901$q(ePub ebook)
035 $a(OCoLC)913788625
082 04 $a813.6$223
100 1 $aLevithan, David,$eauthor.
245 10 $aMarly's ghost /$cDavid Levithan ; illustrated by Brian Selznick.
264 1 $aLondon :$bElectric Monkey,$c2015.
264 4 $c©2006
300 $a1 volume ;$c20 cm
336 $atext$btxt$2rdacontent
337 $aunmediated$bn$2rdamedia
338 $avolume$bnc$2rdacarrier
521 1 $a12+.
655 0 $aYoung adult fiction.
655 7 $aFiction.$2fast$0(OCoLC)fst01423787
655 7 $aYoung adult works.$2fast$0(OCoLC)fst01726790
700 1 $aSelznick, Brian,$eillustrator.
776 08 $iEbook version$z9781780316901
029 1 $aUNITY$b135382203
029 1 $aUKMGB$b016939825
994 $aZ0$bP4A
948 $hNO HOLDINGS IN P4A - 65 OTHER HOLDINGS